| 000 | 00470nam a2200181Ia 4500 | ||
|---|---|---|---|
| 001 | 25185 | ||
| 005 | 20260414151133.0 | ||
| 008 | 260414t2010||||xx |||||||||||||| ||spa|| | ||
| 041 | _aESP | ||
| 082 |
_a346.3 _bR68 |
||
| 100 |
_aRiva-Agüero y Osma, José de la _eAUT |
||
| 245 | 0 |
_aLa herencia de la Riva Agüero : _b que la verdad se haga luz |
|
| 260 | _c2010 | ||
| 300 |
_a750 páginas : _c24 cm. |
||
| 650 | _aDER | ||
| 654 | _aCDE | ||
| 942 |
_cLIB _dJUS _fJUS _2ddc _n |
||
| 999 |
_c25185 _d25185 |
||